000 00796nam a2200241 4500
999 _c1896
_d1896
001 15324605
003 OSt
005 20180921173333.0
008 00026401987 ilua 001 0 eng
010 _a86063141
040 _aDLC
_cDLC
_dATH
050 0 _aBS1171.2
_b.W57 1987
082 _aREF 220.6
_bW737S
100 1 _aWillmington, H. L.
240 1 0 _aSurvey of the Old Testament
245 1 0 _aWillmington's survey of the Old Testament :
_ban overview of the scriptures from creation to Christ /
_cHarold L. Willmington.
246 3 3 _aSurvey of the Old Testament.
260 _aWheaton, Ill. :
_bVictor Books,
_cc1987.
300 _a615 p. :
_bill. (some col.) ;
_c26 cm.
500 _aIncludes index.
630 0 0 _aBible.
_pOld Testament
_xCriticism, interpretation, etc.
942 _2ddc
_cBK